000 00349cam a22001337a 4500
008 180718b1959 xxu||||| |||| 00| 0 eng d
082 _aT41 K845
100 _aKorteseg, S.
245 _aA textbook of money
_cby S. Korteseg and F.A.G. Keesing
260 _aLondon
_bLongmans
_c1959
300 _a308p.
650 _aMoney
700 _aKeesing, F.A.G.
999 _c369660
_d369660